00356 2200157 4500001002100000005001500021035002000036245002700056100001300083300001200096260003400108082000800142084001400150020002200164990001200186INLIS00000000000176520250505031426 a0010-05250000571 aMariposa 2 /cLuluk HF0 aLuluk HF a396 hlm aDepok :bCoconut Books,c2021 a813 a813 LUL m a978-623-6456-11-8 a0754602